00444nam a2200133Ia 4500008004100000020001500041040001800056041000800074100002300082245008700105260007200192300001800264765002800282130821s1994 ck gr spa  a9586001695 aCo-BoUCMbspa aspa aThompson, James D. aorganizaciones en accióncJames D. Thompson ; Traducción Jaime Garavito Burgos aBogotá (Cundinamarca, Colombia)bMcGraW-Hill Interamericanac1994 a204 páginas tOrganizations in Action